| 000 | 00437nam a2200181Ia 4500 | ||
|---|---|---|---|
| 005 | 20250508152157.0 | ||
| 008 | 008 250505s9999 xx 000 0 hin d | ||
| 037 | _aTextual | ||
| 040 |
_aFEDL _beng _cFEDL |
||
| 041 |
_ahin _2eng |
||
| 084 |
_aB, CUR _qFEDL |
||
| 100 |
_aBandoupadhya Geeta _9760967 |
||
| 245 | 0 | _aMadam Curie | |
| 260 | _c1957 | ||
| 300 | _a86p. | ||
| 942 |
_cTEXL _hB, CUR |
||
| 999 |
_c1334778 _d1334778 |
||